000 00986nam a2200265Ia 4500
003 OSt
005 20221005103142.0
006 a|||||r|||| 00| 0
007 ta
008 221004b |||||||| |||| 00| 0 hin d
020 _a9788193029992 (hbk)
_cIndian Rupees 990
024 _a39045
037 _bGift, 04/09/2018,
_cTextual
040 _aCRL
_cCRL
_bhin
041 _2hin
_ahin
082 _aV2:51wN, 152Q5
100 _aशेखावत, प्रमोद, ले.
245 0 _aस्वतंत्रता सेनानी
246 _aSvatantratā senānī
260 _aउत्तर
_bप्रदेश शिक्षा दीप प्रकाशन भारत
_c2015
300 _a240पृ0
_ccm.
650 _aभारतीय स्वतंत्रता सेनानी
_9156352
942 _hV2:51wN, 152Q5
_cTEXL
_2cc
999 _c1009518
_d1009518